[Event "Batmany ISUCT Rating"]
[Site "Batmany"]
[Date "2010.12.08"]
[Round "10.1"]
[White "Belikov, Yury"]
[Black "Malyshev, Alexandr"]
[Result "1-0"]
[WhiteElo "2307"]
[BlackElo "1955"]
[PlyCount "55"]
[EventDate "2010.11.29"]
[EventType "tourn"]
[EventRounds "10"]
[EventCountry "RUS"]
[SourceTitle "EXT 2022"]
[Source "ChessBase"]
[SourceDate "2021.10.06"]
[SourceVersion "1"]
[SourceVersionDate "2021.10.06"]
[SourceQuality "1"]

1. e4 e5 2. Nf3 Nc6 3. d4 exd4 4. Nxd4 Nxd4 5. Qxd4 d6 6. Bc4 Qf6 7. Qd3 Be6 8. 0-0 Be7 9. Nc3 Nh6 10. f4 0-0 11. f5 Bxc4 12. Qxc4 c6 13. Rf3 Ng4 14. Rg3 Ne5 15. Qe2 Rfd8 16. Bg5 Qxg5 17. Rxg5 Bxg5 18. Qh5 Bf6 19. Rd1 Nc4 20. b3 Ne3 21. Rd3 Nxc2 22. Rh3 h6 23. Rg3 Kh7 24. Qxf7 Rab8 25. Rg6 Bd4+ 26. Kh1 Rf8 27. Rxh6+ Kxh6 28. Qg6# 1-0

[Event "Batmany ISUCT Rating"]
[Site "Batmany"]
[Date "2010.12.06"]
[Round "8.1"]
[White "Belikov, Yury"]
[Black "Shkolov, Alexander"]
[Result "1/2-1/2"]
[WhiteElo "2307"]
[BlackElo "2060"]
[PlyCount "99"]
[EventDate "2010.11.29"]
[EventType "tourn"]
[EventRounds "10"]
[EventCountry "RUS"]
[SourceTitle "EXT 2022"]
[Source "ChessBase"]
[SourceDate "2021.10.06"]
[SourceVersion "1"]
[SourceVersionDate "2021.10.06"]
[SourceQuality "1"]

1. d4 e6 2. c4 d5 3. Nc3 Nf6 4. Bg5 c6 5. Nf3 Be7 6. g3 h6 7. Bf4 0-0 8. Bg2 dxc4 9. Bxb8 Rxb8 10. Ne5 Bb4 11. Nxc4 Nd5 12. Rc1 Bxc3+ 13. bxc3 Nb6 14. Ne5 Bd7 15. c4 Qe7 16. 0-0 Qb4 17. c5 f6 18. Nd3 Qxd4 19. cxb6 Qxb6 20. Nc5 Bc8 21. Nd7 Bxd7 22. Qxd7 e5 23. Rb1 Qa6 24. Bh3 Qxe2 25. Be6+ Kh8 26. Rxb7 Rxb7 27. Qxb7 Re8 28. Qxc6 Rd8 29. Bf5 Qxa2 30. Be6 Qd2 31. Bb3 Rb8 32. Bc2 Qd8 33. Ra1 Rc8 34. Qe4 Qg8 35. Rxa7 Rb8 36. Qf5 Rb2 37. Be4 Rb8 38. Kg2 Rd8 39. Rd7 Rxd7 40. Qxd7 Qb8 41. Bg6 Qa8+ 42. f3 Qa2+ 43. Kh3 Qg8 44. Qf5 Qd8 45. Bf7 Qf8 46. Qg6 Qc8+ 47. g4 Qc6 48. Qe4 Qd7 49. Bg6 Qd8 50. Qf5 1/2-1/2

[Event "Batmany ISUCT Rating"]
[Site "Batmany"]
[Date "2010.12.05"]
[Round "7.1"]
[White "Gorshkov, Daniil"]
[Black "Belikov, Yury"]
[Result "1/2-1/2"]
[WhiteElo "2133"]
[BlackElo "2307"]
[PlyCount "66"]
[EventDate "2010.11.29"]
[EventType "tourn"]
[EventRounds "10"]
[EventCountry "RUS"]
[SourceTitle "EXT 2022"]
[Source "ChessBase"]
[SourceDate "2021.10.06"]
[SourceVersion "1"]
[SourceVersionDate "2021.10.06"]
[SourceQuality "1"]

1. e4 e5 2. Nc3 Nc6 3. f4 Be7 4. fxe5 Nxe5 5. d4 Ng6 6. Nf3 Bh4+ 7. g3 Be7 8. Bc4 d6 9. Qd3 Bf6 10. Bd2 N8e7 11. 0-0-0 Bg4 12. Rdf1 0-0 13. h3 Bxf3 14. Rxf3 Nc6 15. Be3 a6 16. a3 b5 17. Bd5 Qd7 18. Rhf1 Rab8 19. Bxc6 Qxc6 20. Nd5 Be7 21. h4 Bd8 22. Qb3 Qc4 23. Qxc4 bxc4 24. Nb4 Bf6 25. Nxa6 Rb7 26. Nb4 Rc8 27. c3 Nf8 28. Nd5 Nd7 29. Rxf6 Nxf6 30. Ne7+ Kf8 31. Nxc8 Nxe4 32. Bf4 h6 33. Re1 d5 1/2-1/2

[Event "Batmany ISUCT Rating"]
[Site "Batmany"]
[Date "2010.12.03"]
[Round "5.1"]
[White "Malyshev, Alexandr"]
[Black "Belikov, Yury"]
[Result "0-1"]
[WhiteElo "1955"]
[BlackElo "2307"]
[PlyCount "62"]
[EventDate "2010.11.29"]
[EventType "tourn"]
[EventRounds "10"]
[EventCountry "RUS"]
[SourceTitle "EXT 2022"]
[Source "ChessBase"]
[SourceDate "2021.10.06"]
[SourceVersion "1"]
[SourceVersionDate "2021.10.06"]
[SourceQuality "1"]

1. e4 c5 2. Nf3 d6 3. d4 cxd4 4. Nxd4 Nf6 5. Nc3 g6 6. Be2 Bg7 7. Be3 0-0 8. Qd2 Ng4 9. Bxg4 Bxg4 10. h3 Bd7 11. Bh6 Bxh6 12. Qxh6 Nc6 13. Nxc6 bxc6 14. 0-0-0 Rb8 15. Kb1 Qb6 16. b3 e6 17. e5 d5 18. Ne2 c5 19. Ng3 c4 20. h4 Qxf2 21. Rh3 Qxg2 22. Rdh1 cxb3 23. axb3 Ba4 24. R1h2 Qg1+ 25. Kb2 Rfc8 26. h5 Qd4+ 27. Kc1 Rxb3 28. hxg6 Qa1+ 29. Kd2 Rxc2+ 30. Kxc2 Rxg3+ 31. Kd2 Qd1# 0-1

[Event "Batmany ISUCT Rating"]
[Site "Batmany"]
[Date "2010.12.01"]
[Round "3.1"]
[White "Shkolov, Alexander"]
[Black "Belikov, Yury"]
[Result "0-1"]
[WhiteElo "2060"]
[BlackElo "2307"]
[PlyCount "114"]
[EventDate "2010.11.29"]
[EventType "tourn"]
[EventRounds "10"]
[EventCountry "RUS"]
[SourceTitle "EXT 2022"]
[Source "ChessBase"]
[SourceDate "2021.10.06"]
[SourceVersion "1"]
[SourceVersionDate "2021.10.06"]
[SourceQuality "1"]

1. e4 c6 2. d4 d5 3. Nc3 dxe4 4. Nxe4 Bf5 5. Ng3 Bg6 6. Nf3 e6 7. Bd3 Bxd3 8. Qxd3 Nd7 9. 0-0 Ngf6 10. Bg5 Be7 11. Ne5 0-0 12. Rfe1 h6 13. Bf4 Nd5 14. Rad1 N7f6 15. c3 Bd6 16. Nc4 Ne8 17. Bxd6 Nxd6 18. Nxd6 Qxd6 19. Ne4 Qe7 20. Nd2 Rad8 21. Nc4 c5 22. Ne5 cxd4 23. Qxd4 Nb6 24. Qe3 Qf6 25. Rxd8 Rxd8 26. h3 Rd5 27. f4 Ra5 28. Rd1 Nd5 29. Qd4 Rxa2 30. b4 a6 31. c4 Nxf4 32. Qd8+ Qxd8 33. Rxd8+ Kh7 34. g4 Rg2+ 35. Kh1 Rg3 36. Kh2 Rxh3+ 37. Kg1 Rg3+ 38. Kf2 Rc3 39. Nxf7 Nd3+ 40. Ke2 Nxb4 41. Rh8+ Kg6 42. Ne5+ Kg5 43. Rg8 Kf4 44. Nd7 Rxc4 45. Rxg7 Rd4 46. Nf6 b5 47. Ra7 e5 48. Rf7 Kg5 49. Ke3 Rd3+ 50. Ke4 a5 51. Nd7 a4 52. Nxe5 Rb3 53. Nf3+ Kg6 54. Rf5 a3 55. Rxb5 a2 56. Ra5 Rb1 57. Nd2 a1Q 0-1

[Event "Kineshma Fed Cup"]
[Site "Kineshma"]
[Date "2010.01.23"]
[Round "6"]
[White "Belikov, Yury"]
[Black "Lebedenko, Olga"]
[Result "1-0"]
[WhiteElo "2293"]
[BlackElo "1946"]
[PlyCount "94"]
[EventDate "2010.01.18"]
[EventType "tourn"]
[EventRounds "9"]
[EventCountry "RUS"]
[SourceTitle "EXT 2012"]
[Source "ChessBase"]
[SourceDate "2011.11.24"]
[SourceVersion "1"]
[SourceVersionDate "2011.11.24"]
[SourceQuality "1"]

1. Nf3 d5 2. g3 Nf6 3. Bg2 e6 4. 0-0 Be7 5. d3 c5 6. c4 0-0 7. Nc3 Nc6 8. Bf4 a6 9. cxd5 exd5 10. d4 Ne4 11. dxc5 Nxc3 12. bxc3 Bxc5 13. Qd3 h6 14. Nd4 Bxd4 15. cxd4 Qf6 16. Rfd1 Bf5 17. Qd2 Rad8 18. Rac1 Rfe8 19. Be3 Be4 20. Bh3 Bf5 21. Bg2 Qe7 22. Rc5 Be4 23. Bh3 Qf6 24. Qb2 Re7 25. Qb6 Rde8 26. Qb2 Qg6 27. Bf1 Qd6 28. Bf4 Qd8 29. Qc3 Qb6 30. f3 Bf5 31. Rxd5 Be6 32. Rc5 Bxa2 33. e4 Qb3 34. Qxb3 Bxb3 35. Rd3 Ba2 36. d5 Nb4 37. Rd4 b6 38. Rc1 a5 39. Bd6 Rb7 40. Bxb4 axb4 41. Rxb4 Ra8 42. Rc6 Rab8 43. Rb2 Ra8 44. Rcxb6 Rc7 45. Rb8+ Rxb8 46. Rxb8+ Kh7 47. Rb2 Ra7 1-0

[Event "Kineshma Fed Cup"]
[Site "Kineshma"]
[Date "2010.01.20"]
[Round "3"]
[White "Gorshkov, Daniil"]
[Black "Belikov, Yury"]
[Result "0-1"]
[WhiteElo "2145"]
[BlackElo "2293"]
[PlyCount "104"]
[EventDate "2010.01.18"]
[EventType "tourn"]
[EventRounds "9"]
[EventCountry "RUS"]
[SourceTitle "EXT 2012"]
[Source "ChessBase"]
[SourceDate "2011.11.24"]
[SourceVersion "1"]
[SourceVersionDate "2011.11.24"]
[SourceQuality "1"]

1. Nf3 g6 2. g3 Bg7 3. Bg2 d5 4. 0-0 Nf6 5. d3 0-0 6. c4 dxc4 7. dxc4 Qxd1 8. Rxd1 Nc6 9. Nc3 Be6 10. c5 Rfd8 11. Bf4 Nd7 12. Bxc7 Rdc8 13. Bf4 Nxc5 14. Ng5 Bc4 15. Bf3 Bxc3 16. bxc3 f6 17. Ne4 Nxe4 18. Bxe4 e5 19. Be3 Rd8 20. Bd3 Be6 21. a4 b6 22. Be4 Rxd1+ 23. Rxd1 Rd8 24. Rxd8+ Nxd8 25. a5 bxa5 26. Bxa7 a4 27. Bc5 Kf7 28. Kf1 Bb3 29. Ke1 Ne6 30. Bb4 Ng5 31. Bc6 Ke6 32. Kd2 Nh3 33. Bc5 h5 34. e4 Ng5 35. Ke3 f5 36. f4 Nxe4 37. Bxe4 fxe4 38. Kxe4 Bc2+ 39. Ke3 Kd5 40. Bb4 e4 41. Kd2 Bb1 42. h3 Bd3 43. g4 h4 44. Be7 Bf1 45. Bxh4 Bxh3 46. g5 e3+ 47. Kc2 Bf5+ 48. Kb2 Ke4 49. Ka3 Bd7 50. Kb4 Kxf4 51. c4 Kg4 52. Be1 Kxg5 0-1

[Event "Kineshma"]
[Site "Kineshma"]
[Date "2009.08.06"]
[Round "4.1"]
[White "Belikov, Yury"]
[Black "Lebedenko, Olga"]
[Result "1-0"]
[WhiteElo "2298"]
[BlackElo "1952"]
[PlyCount "37"]
[EventDate "2009.08.03"]
[EventType "tourn"]
[EventRounds "9"]
[EventCountry "RUS"]
[SourceTitle "EXT 2022"]
[Source "ChessBase"]
[SourceDate "2021.10.06"]
[SourceVersion "1"]
[SourceVersionDate "2021.10.06"]
[SourceQuality "1"]

1. Nf3 Nf6 2. g3 g6 3. Bg2 Bg7 4. 0-0 0-0 5. c4 d6 6. Nc3 e5 7. d3 c6 8. Rb1 a5 9. a3 Nbd7 10. b4 axb4 11. axb4 Nh5 12. b5 Qc7 13. Be3 f5 14. Ng5 Nb8 15. bxc6 bxc6 16. Qb3 Kh8 17. c5 h6 18. cxd6 Qxd6 19. Nf7+ 1-0

[Event "Kineshma"]
[Site "Kineshma"]
[Date "2009.08.05"]
[Round "2.1"]
[White "Belikov, Yury"]
[Black "Lebedev, Vyacheslav"]
[Result "1-0"]
[WhiteElo "2276"]
[BlackElo "1821"]
[PlyCount "105"]
[EventDate "2009.08.03"]
[EventType "tourn"]
[EventRounds "9"]
[EventCountry "RUS"]
[SourceTitle "EXT 2022"]
[Source "ChessBase"]
[SourceDate "2021.10.06"]
[SourceVersion "1"]
[SourceVersionDate "2021.10.06"]
[SourceQuality "1"]

1. Nf3 Nf6 2. g3 b6 3. Bg2 Bb7 4. 0-0 c5 5. c4 e6 6. Nc3 Be7 7. d3 0-0 8. a3 d6 9. b4 a6 10. Rb1 Nbd7 11. bxc5 Nxc5 12. Be3 Qc7 13. Na4 Nfd7 14. d4 Nxa4 15. Qxa4 Bc6 16. Qb3 Be4 17. Rbc1 Rfc8 18. Rfd1 h6 19. Bf4 Qc6 20. h4 Nf6 21. Bh3 Bf5 22. d5 Qc7 23. Bxf5 exf5 24. Nd4 Nh5 25. Qf3 Nxf4 26. Qxf4 Qc5 27. Nxf5 Bf8 28. Qf3 g6 29. Nd4 Bg7 30. Nc6 Re8 31. a4 h5 32. Qd3 Rac8 33. Rb1 Bf6 34. e3 Be5 35. Rb3 Bf6 36. Rdb1 Bd8 37. Nxd8 Rexd8 38. Rxb6 Qa5 39. Qb3 Rc5 40. Rb8 Rdc8 41. Kg2 Kg7 42. Qb2+ Kg8 43. Qb7 Rxb8 44. Qxb8+ Kg7 45. Qxd6 Rc8 46. Qe5+ Kg8 47. Rb8 Rxb8 48. Qxb8+ Kg7 49. Qe5+ Kg8 50. Qe8+ Kg7 51. d6 Qb4 52. d7 Qb7+ 53. e4 1-0

[Event "Kineshma"]
[Site "Kineshma"]
[Date "2009.08.05"]
[Round "3.1"]
[White "Mamoshin, Valery"]
[Black "Belikov, Yury"]
[Result "0-1"]
[WhiteElo "2276"]
[BlackElo "2298"]
[PlyCount "78"]
[EventDate "2009.08.03"]
[EventType "tourn"]
[EventRounds "9"]
[EventCountry "RUS"]
[SourceTitle "EXT 2022"]
[Source "ChessBase"]
[SourceDate "2021.10.06"]
[SourceVersion "1"]
[SourceVersionDate "2021.10.06"]
[SourceQuality "1"]

1. Nf3 Nf6 2. c4 g6 3. b3 Bg7 4. Bb2 0-0 5. g3 c5 6. Bg2 Nc6 7. 0-0 d6 8. d3 Bg4 9. h3 Bd7 10. Nbd2 Rb8 11. Kh2 b5 12. Qc1 bxc4 13. Nxc4 a5 14. Bc3 Nb4 15. Nfd2 a4 16. a3 Nbd5 17. Bxd5 Nxd5 18. Bxg7 Kxg7 19. e4 Nf6 20. bxa4 Bxa4 21. f4 Kg8 22. f5 Bb5 23. a4 Bxc4 24. dxc4 Qa5 25. Qc2 Rb4 26. Rfb1 Ra8 27. Rxb4 Qxb4 28. Kg2 Nd7 29. Kf2 Nb6 30. Rb1 Qxa4 31. Qxa4 Nxa4 32. Rb7 Kf8 33. fxg6 hxg6 34. h4 Nc3 35. g4 Ra2 36. Ke3 Ra1 37. h5 gxh5 38. gxh5 Rh1 39. Kd3 Rh3+ 0-1

[Event "Kineshma"]
[Site "Kineshma"]
[Date "2009.08.04"]
[Round "1.1"]
[White "Malyshev, Alexandr"]
[Black "Belikov, Yury"]
[Result "1/2-1/2"]
[WhiteElo "1955"]
[BlackElo "2298"]
[PlyCount "36"]
[EventDate "2009.08.03"]
[EventType "tourn"]
[EventRounds "9"]
[EventCountry "RUS"]
[SourceTitle "EXT 2022"]
[Source "ChessBase"]
[SourceDate "2021.10.06"]
[SourceVersion "1"]
[SourceVersionDate "2021.10.06"]
[SourceQuality "1"]

1. e4 e5 2. Nf3 Nc6 3. Bb5 a6 4. Ba4 Nf6 5. 0-0 d6 6. Re1 Be7 7. c3 0-0 8. d4 exd4 9. cxd4 Bg4 10. Bxc6 bxc6 11. h3 Bh5 12. Nc3 Nd7 13. Bf4 c5 14. g4 Bg6 15. Nd5 cxd4 16. Nxd4 Nb8 17. Rc1 Ra7 18. Qd2 Re8 1/2-1/2

[Event "Kostroma Volga Cup op"]
[Site "Kostroma"]
[Date "2008.07.??"]
[Round "9"]
[White "Belikov, Yury"]
[Black "Smirnov, Alexander1111"]
[Result "1/2-1/2"]
[WhiteElo "2290"]
[BlackElo "2206"]
[PlyCount "56"]
[EventDate "2008.07.??"]
[EventType "swiss"]
[EventRounds "9"]
[EventCountry "RUS"]
[SourceTitle "EXT 2009"]
[Source "ChessBase"]
[SourceDate "2008.11.26"]
[SourceVersion "1"]
[SourceVersionDate "2008.11.26"]
[SourceQuality "1"]

1. Nf3 e6 2. g3 f5 3. Bg2 Nf6 4. 0-0 d5 5. d3 Be7 6. c4 0-0 7. Nc3 c5 8. Bf4 Nc6 9. Ne5 Nxe5 10. Bxe5 d4 11. Nb5 a6 12. Na3 Ng4 13. Bf4 e5 14. Bd2 f4 15. Nc2 fxg3 16. fxg3 Be6 17. Rxf8+ Qxf8 18. Qf1 Qe8 19. h3 Nf6 20. b4 Qg6 21. Bxb7 Rf8 22. Qg2 e4 23. bxc5 exd3 24. Nxd4 Bxc5 25. e3 Bxd4 26. exd4 Bxc4 27. Bf4 Re8 28. Be5 Nd7 1/2-1/2

[Event "Kostroma Volga Cup op"]
[Site "Kostroma"]
[Date "2008.07.??"]
[Round "4"]
[White "Gordievsky, Dmitry"]
[Black "Belikov, Yury"]
[Result "0-1"]
[WhiteElo "2201"]
[BlackElo "2290"]
[PlyCount "100"]
[EventDate "2008.07.??"]
[EventType "swiss"]
[EventRounds "9"]
[EventCountry "RUS"]
[SourceTitle "EXT 2009"]
[Source "ChessBase"]
[SourceDate "2008.11.26"]
[SourceVersion "1"]
[SourceVersionDate "2008.11.26"]
[SourceQuality "1"]

1. d4 Nf6 2. c4 g6 3. g3 Bg7 4. Bg2 0-0 5. Nc3 d6 6. Nf3 Nbd7 7. 0-0 c5 8. h3 a6 9. e4 cxd4 10. Nxd4 Ne5 11. b3 Bd7 12. Bb2 Rb8 13. Re1 Qb6 14. Rb1 Nc6 15. Nxc6 Bxc6 16. Nd5 Bxd5 17. exd5 Rfe8 18. Be4 Qc7 19. Qd3 Nd7 20. Bxg7 Kxg7 21. Rbc1 Kg8 22. Rc2 Qc5 23. Kh2 Ne5 24. Qd2 Rbc8 25. f4 Nd7 26. Bf3 Rc7 27. Rec1 a5 28. Qd3 Qb4 29. h4 a4 30. bxa4 Ra8 31. h5 Rxa4 32. hxg6 hxg6 33. Kg2 Nf6 34. Qd4 Qc5 35. Qb2 Qb4 36. Qd4 Qc5 37. Qb2 b6 38. Qc3 Rca7 39. Qd2 Qa5 40. Qxa5 R4xa5 41. Ra1 Rc5 42. Rb1 Nd7 43. Rbb2 Rac7 44. Be2 b5 45. Bd3 bxc4 46. Be4 Nf6 47. Kf3 Nxd5 48. Bxd5 Rxd5 49. Rb4 Rd3+ 50. Ke4 f5# 0-1